| 000 | 00910nas a2200253 i 4500 | ||
|---|---|---|---|
| 001 | 1025 | ||
| 003 | ES-MaACL | ||
| 005 | 20250729062609.0 | ||
| 007 | t| | ||
| 008 | 950801c1960 ve | | 1 ||pa d | ||
| 080 | _a87 | ||
| 245 | 0 | 0 |
_aDocumentos _b: revista de información política / _cInstituto de Estudios Políticos. |
| 260 |
_aCaracas : _bInstituto de Estudios Políticos, Universidad Central de Venezuela, _c1960- |
||
| 300 |
_a5 v. ; _c23 cm. |
||
| 310 | _aCuatrimestral | ||
| 362 | 0 | _aN. 1 (1960)- | |
| 650 | 7 |
_aPolítica _2embne _9140345 |
|
| 710 | 2 |
_aInstituto de Estudios Políticos (Madrid) ( _cCaracas) _9227583 |
|
| 710 | 2 |
_aUniversidad Central de Venezuela. _97083 |
|
| 852 |
_aES-MaACL _jHEM-H-354 _dOlim: Hem-1620 _91049 _zExpurgada marzo 2025; posterior a 1958; muy incompleta; completa colección de BNE. |
||
| 866 | 0 | _o1960-61. | |
| 942 | _2udc | ||
| 999 |
_c1025 _d1025 |
||